000 01403nam a2200241Ia 4500
999 _c38518
_d38518
001 4619
003 GE_BSU
005 20190508201435.0
008 181216s2005||||ge |||||||||||||| ||geo||
040 _cGE_BSU
041 _ageo
080 _a342.743(094.9)(479.22) ხ– 65
100 _aხმალაძე,ვახტანგ
_9922
245 _aსაქართველოს საგადასახადო კოდექსის კომენტარები : საქ. პროფ. ბუღალტერთა და აუდიტორთა ფედერაცია /
_cვახტანგ ხმალაძე ; მთ.რედ. მიხეილ ჯიბუტი; რედ : ოთარ ზოიძე, თეიმურაზ ჭელიძე
264 _aთბილისი . :
_bთერგი,
_c2005.
300 _a735 გვ ;
_c21სმ.
653 _aსაქართველოს საგადასახადო კოდექსის კომენტარები.
653 _aსამართალი
700 _aჯიბუტი, მიხეილ
_eმთავარი რედაქტორი
_9908
700 _a ზოიძე, ოთარ
_eრედაქტორი
_9923
700 _aჭელიძე, თეიმურაზ
_eრედაქტორი
_9924
942 _cBK
_2udc